LEADER 02103nam0 22004813i 450 001 PUV0077441 005 20251003044310.0 010 $a0124709516 100 $a20090727d1991 ||||0itac50 ba 101 | $aeng 102 $aus 181 1$6z01$ai $bxxxe 182 1$6z01$an 183 1$6z01$anc$2RDAcarrier 200 1 $aTheory of dielectric optical waveguides$fDietrich Marcuse 205 $a2. ed 210 $aBoston [etc.]$cAcademic press$dc1991 215 $aXV, 380 p.$d24 cm 225 | $aQuantum electronics$eprinciples and applications 300 $aSul front.: published by arrangement with AT&T. 410 0$1001PUV0004049$12001 $aQuantum electronics$eprinciples and applications 606 $aFibre ottiche$2FIR$3CFIC016295$9E 606 $aOnde elettromagnetiche$2FIR$3CFIC020786$9E 606 $aIsolanti elettrici perfetti$2FIR$3SBLC134878$9I 676 $a621.381$9Ingegneria elettronica$v14 676 $a621.381331$9Elettronica delle microonde. Guide d'onda$v22 696 $aOnde elettromagnetiche superficiali 696 $aDielettrici perfetti$aDielettrici ideali$aIsolatori elettrici perfetti$aIsolanti elettrici ideali$aIsolatori elettrici ideali 699 $aOnde elettromagnetiche$zOnde elettromagnetiche superficiali 699 $aIsolanti elettrici perfetti$yDielettrici perfetti 699 $aIsolanti elettrici perfetti$yDielettrici ideali 699 $aIsolanti elettrici perfetti$yIsolatori elettrici perfetti 699 $aIsolanti elettrici perfetti$yIsolanti elettrici ideali 699 $aIsolanti elettrici perfetti$yIsolatori elettrici ideali 700 1$aMarcuse$b, Dietrich$f <1929- >$3AQ1V005003$4070$03942 801 3$aIT$bIT-000000$c20090727 850 $aIT-BN0095 901 $bNAP 01$cSALA DING $n$ 912 $aPUV0077441 950 0$aBiblioteca Centralizzata di Ateneo$c1 v.$d 01SALA DING 621.381 MAR.th$e 0102 0000009345 VMA A4 1 v.$fY $h19940420$i19940420 977 $a 01 996 $aTheory of Dielectric Optical Waveguides$9339214 997 $aUNISANNIO